| 000 | 03384nam a22003737a 4500 | ||
|---|---|---|---|
| 005 | 20080609172054.0 | ||
| 008 | 080610t xxu||||| |||| 00| 0 hin d | ||
| 010 | _aHIN-83385 B-283479 | ||
| 020 |
_a8188032077 _c300.00 |
||
| 035 | _aHN-55731 B-283479 | ||
| 035 | _aB-303965-969 | ||
| 035 | _aB-257327 | ||
| 037 | _bपु.प्र.अ.प्र /प्रका | ||
| 040 |
_aDPL _bHN |
||
| 082 | _a423 | ||
| 245 |
_aभारतीय बाल शिक्षा कोश / _cअश्वनी दत्त द्वारा संपादित |
||
| 246 |
_aBhartiya Bal Shiksha Kosh _bEd by Ashvani Dutt |
||
| 260 |
_aदिल्ली _bदिल्ली पुस्तक सदन _c2008 |
||
| 270 |
_a30/36, लेन न-9, विश्वास नगर, शाहदरा _bदिल्ली _e110032 |
||
| 300 |
_a255पृ _c22सेमी(सजिल्द) _bसचित्र |
||
| 500 | _aउच्चतर एवं माध्यमिक पाठयक्रमानुसार | ||
| 700 |
_aदत्त, अश्वनी _945526 |
||
| 942 |
_2ddc _cHN _h423 _m भारती |
||
| 999 |
_c13425 _d13425 |
||